Queen Albums - Sudden Death - Statistics

General Stats
  • This quiz has been taken 133 times
    30 since last reset
  • The average score is 8 of 15
Answers on the Grid
Answers color-coded by a green-red scale on the quiz's grid according to % correct below.
A Day At The Races
A Kind Of Magic
A Night At The Opera
Bohemian Rhapsody
Flash Gordon
Heroes
Hot Space
In Rainbows
In Utero
Innuendo
Jar Of Flies
Jazz
Killer Queen
Low
Made In Heaven
Master Of Reality
Nevermind
News Of The World
Piece Of Mind
Queen
Queen II
Queen III
Sheer Heart Attack
Somebody To Love
Station To Station
The Game
The Miracle
The Queen Is Dead
The Works
Use Your Illusion I
 
Answer Stats
Answer % Correct
A Night At The Opera
83%
A Day At The Races
78%
A Kind Of Magic
67%
Innuendo
67%
Hot Space
61%
Flash Gordon
56%
Jazz
50%
Queen
50%
Queen II
44%
Sheer Heart Attack
44%
Made In Heaven
39%
The Game
39%
The Works
39%
News Of The World
33%
The Miracle
33%
No matching quizzes found
Score Distribution
Percent of People with Each Score
Percentile by Number Answered
Your Score History
You have not taken this quiz since the last reset